000
00332nam a2200133Ia 4500
008
161229s9999 xx 000 0 und d
020
_a
0684864673
082
_a
658. 8 DAY/MA
100
_a
Day, George S
245
_a
Market driven organization
260
_b
The free press
_a
New York
_c
1999
300
_a
xii, 285
942
_c
BK
999
_c
149923
_d
149923